000 00455nam a2200169Ia 4500
003 GCL
008 140319s9999 xx 000 0 eng d
040 _aGCL /
_cGCL
082 0 4 _a746.44
_bM A
100 1 _aMONTANO,JUDITH BAKER
245 1 0 _aTHE ART OF SILK RIBBON EMBROIDERY /
_cMONTANO,JUDITH BAKER
260 _a[S.N] :
_bC & T PUBLISHING ،
_c1993
300 _a120
650 0 4 _aEMBROIDERY
650 0 4 _aSILK RIBBON EMBROIDERY
942 _2ddc
_cBK
999 _c23875
_d23875